000 00683nam a2200229 a 4500
001 BRL_1861
005 20190320211413.0
008 110815s1998----gw-abo####---#000-0#eng-#
020 _a3875045157
041 _aspa
044 _amx
050 4 _aF1232
_b.M49 1998
245 1 0 _aMexiko
_cTextbeitrage: Anita und Karl-Anton von Bleyleben...[et al.]
260 _aGermany
_bVerlag Karl Baedeker
_c1998
300 _a640 p.
_bil.
_c19 cm.
_e1 mapa plegable
440 0 _aBaedeker-Allianz-Reiseführer
_928074
500 _aAu2144
651 4 _aMéxico
_vGuías de viajeros
_xDescripción y viajes
_928075
700 1 _aBleyleben, Anita von
_928076
902 _aGRL
942 _2lcc
_cB
999 _c10669
_d10669